| 000 | 00670cam a2200193 4500 | ||
|---|---|---|---|
| 001 | ABS65019 | ||
| 008 | 020204n2002 000 0 eng u | ||
| 035 | _a(Sirsi) u116591 | ||
| 100 | _aMichaelson, J | ||
| 245 | _aQuick closure in litigation | ||
| 260 | _c2002 | ||
| 490 |
_aNew Law Journal _v152(7014) 11 January 2002, 24-25(2) |
||
| 520 | _aAdvises on issuing a claim under CPR pt 8 instead of CPR pt 7, whether parties with short factual disputes can issue under CPR pt 8 and when a traditional CPR pt 7 method would be better. | ||
| 590 | _aABS | ||
| 650 | _aCIVIL PROCEDURE RULES | ||
| 650 | _aCLOSURE | ||
| 690 |
_aDispute resolution _96236 |
||
| 942 | _n0 | ||
| 999 |
_c69425 _d69425 |
||